00815 2200217 4500001002100000005001500021035002000036245018000056100003200236250002000268300005600288856002800344700006900372260003700441082001100478084001800489020001800507600002100525008004100546990001000587INLIS00000000114595120260121102300 a0010-01260000271 aThe Amazing Husnudzon :bMenjemput Kesuksesan dengan Berpikir Positif /cPenulis; Abu Salman Farhan Al-Atsary, Penyunting; Abd. Kholiq, Desain Sampul; Indera, Tata Letak; Apr!0 aAbu Salman Farhan Al-Atsary aCetakan Pertama axii, 188 halaman :bilustrasi ;c14 x 20 cmeKertas aPerpustakaan Keliling 20 aPenyunting; Abd. Kholiq, Desain Sampul; Indera, Tata Letak; Apr! aYogyakarta :bQUDSI MEDIA,c2025 a297.51 a297.51 ABU t a9789791149327 4aBerpikir Positif260121 0  a//001